[Event "South Wales International"]
[White "Bridges, Paul"]
[Black "Brown, Thomas"]
[Site "Cardiff"]
[Round "8.17"]
[Annotator ""]
[Result "1/2-1/2"]
[Date "2017.07.12"]
[WhiteElo "1796"]
[BlackElo "2063"]
[PlyCount "67"]

1. e4 c6 2. d4 d5 3. e5 Bf5 4. Bd3 Bxd3 5. Qxd3 e6 6. Ne2 Qa5+ 7. c3 Qa6 8. Qc2 c5 9. 0-0 Nc6 10. a3 Rc8 11. Qd1 Nge7 12. Be3 Nf5 13. Ng3 Nxg3 14. hxg3 Be7 15. Qg4 Kf8 16. Qd1 h5 17. f4 g6 18. dxc5 Kg7 19. b4 h4 20. g4 h3 21. g3 h2+ 22. Kh1 Rh3 23. Rf3 g5 24. Bd4 gxf4 25. gxf4 Rxf3 26. Qxf3 Nxd4 27. cxd4 Qc4 28. Nd2 Qxd4 29. Rd1 b6 30. Nb3 Qb2 31. Rd2 Qb1+ 32. Rd1 Qb2 33. Rd2 Qb1+ 34. Rd1 1/2-1/2

[Event "South Wales International"]
[White "Sivarajasingam, Shayanna"]
[Black "Cheung, Ryan"]
[Site "Cardiff"]
[Round "8.19"]
[Annotator ""]
[Result "1-0"]
[Date "2017.07.12"]
[WhiteElo "1774"]
[BlackElo "1318"]
[PlyCount "113"]

1. e4 c6 2. d4 d5 3. Nc3 dxe4 4. Nxe4 Bf5 5. Ng3 Bg6 6. h4 h6 7. Nf3 e6 8. h5 Bh7 9. Bd3 Bxd3 10. Qxd3 Nd7 11. Bf4 Qa5+ 12. Bd2 Bb4 13. Ne4 Ngf6 14. Nd6+ Ke7 15. Nc4 Bxd2+ 16. Nfxd2 Qg5 17. Qf3 Qd5 18. Qxd5 cxd5 19. Ne3 b5 20. f3 Rhc8 21. Kf2 Nb6 22. Rae1 Na4 23. b3 Nc3 24. a3 a5 25. g4 Kd6 26. Kg2 Re8 27. Rhf1 Ke7 28. f4 Nfe4 29. Nxe4 Nxe4 30. f5 Rac8 31. fxe6 fxe6 32. Rf3 Rf8 33. Rxf8 Rxf8 34. Nd1 Rc8 35. Re2 Nc3 36. Nxc3 Rxc3 37. Kf2 a4 38. Re3 Rxc2+ 39. Kf3 Rb2 40. bxa4 bxa4 41. Rd3 Rb3 42. Ke3 Kd6 43. Rxb3 axb3 44. Kd3 e5 45. dxe5+ Kxe5 46. a4 b2 47. Kc2 Kd4 48. a5 Kc5 49. Kxb2 Kb5 50. Kc3 Kxa5 51. Kd4 Kb4 52. Kxd5 Kc3 53. Ke6 Kd2 54. Kf5 Ke3 55. Kg6 Kf4 56. Kxg7 Kxg4 57. Kxh6 1-0

[Event "South Wales International"]
[White "Hurn, Robert Aj"]
[Black "Jaberansari, Daniel"]
[Site "Cardiff"]
[Round "8.20"]
[Annotator ""]
[Result "0-1"]
[Date "2017.07.12"]
[WhiteElo "1594"]
[BlackElo "1387"]
[PlyCount "76"]

1. d4 Nf6 2. c4 g6 3. f3 Bg7 4. e4 d6 5. Nc3 0-0 6. Be3 e5 7. Nge2 Ne8 8. d5 f5 9. Qd2 a6 10. Bh6 Qh4+ 11. g3 Qxh6 12. Qd3 fxe4 13. fxe4 Nd7 14. Kd1 Nc5 15. Qc2 Qg5 16. b4 Nd7 17. Qd3 a5 18. b5 Nc5 19. Qc2 Qe7 20. Kc1 Nf6 21. Kb2 Ng4 22. Nd1 Nf2 23. Bg2 Nxh1 24. Bxh1 Bg4 25. Ne3 Bxe2 26. Qxe2 Qg5 27. Rg1 Bh6 28. Re1 Qxe3 29. Qxe3 Bxe3 30. Rxe3 Rf2+ 31. Ka3 Rxh2 32. Bf3 Rf8 33. Bd1 b6 34. g4 Rhf2 35. g5 R2f4 36. Bc2 Rf3 37. Rxf3 Rxf3+ 38. Kb2 Rg3 0-1

[Event "South Wales International"]
[White "Williams, Ron"]
[Black "Ray, Hiya"]
[Site "Cardiff"]
[Round "8.23"]
[Annotator ""]
[Result "1-0"]
[Date "2017.07.12"]
[WhiteElo "1704"]
[BlackElo "1523"]
[PlyCount "79"]

1. d4 Nf6 2. Bf4 g6 3. Nc3 Bg7 4. e4 d6 5. Nf3 0-0 6. Qd2 Nbd7 7. 0-0-0 Re8 8. Bc4 b6 9. e5 Nh5 10. Bh6 dxe5 11. dxe5 Nxe5 12. Qxd8 Bxh6+ 13. Kb1 Rxd8 14. Rxd8+ Kg7 15. Nxe5 e6 16. Rhd1 Bg5 17. Ba6 Bxd8 18. Rxd8 Bb7 19. Rxa8 Bxa8 20. g3 Kf6 21. f4 Ke7 22. Bd3 f6 23. Ng4 Bf3 24. Nf2 c6 25. Be4 Bxe4 26. Ncxe4 Ng7 27. c3 Nf5 28. Nd1 c5 29. Kc2 c4 30. Kd2 h6 31. Ne3 Nxe3 32. Kxe3 e5 33. fxe5 fxe5 34. Nd2 b5 35. Ke4 Ke6 36. Nf3 a5 37. Nxe5 g5 38. g4 b4 39. cxb4 axb4 40. Nxc4 1-0

[Event "South Wales International"]
[White "Thomas, Roy"]
[Black "O`rourke, Kevin"]
[Site "Cardiff"]
[Round "8.25"]
[Annotator ""]
[Result "1-0"]
[Date "2017.07.12"]
[WhiteElo "1742"]
[BlackElo "1296"]
[PlyCount "69"]

1. c4 e5 2. Nc3 Nf6 3. Nf3 Nc6 4. g3 Be7 5. Bg2 Bc5 6. 0-0 Be7 7. a3 d6 8. b4 a6 9. Bb2 h6 10. d4 e4 11. Nd2 Nxd4 12. Ndxe4 Nc6 13. Nd2 Be6 14. h3 Qd7 15. Kh2 h5 16. e4 g5 17. Nd5 Ng4+ 18. hxg4 Bxg4 19. f3 Rh7 20. fxg4 hxg4+ 21. Kg1 Ne5 22. Bxe5 dxe5 23. Nb3 0-0-0 24. Qe2 Rh6 25. Rad1 Rd6 26. c5 Rg6 27. Na5 Rf8 28. c6 bxc6 29. Qxa6+ Kd8 30. Qa8+ Qc8 31. Nb7+ Kd7 32. Nb6+ Ke6 33. Nxc8 Rgg8 34. Qa6 f6 35. Qc4# 1-0

[Event "South Wales International"]
[White "Jaberansari, Benjamin"]
[Black "Adams, Mark A"]
[Site "Cardiff"]
[Round "8.26"]
[Annotator ""]
[Result "0-1"]
[Date "2017.07.12"]
[WhiteElo "921"]
[BlackElo "1927"]
[PlyCount "68"]

1. e4 c5 2. c3 e6 3. d4 cxd4 4. cxd4 Nf6 5. Nc3 d5 6. e5 Ne4 7. Nxe4 dxe4 8. f3 Nc6 9. Be3 Bb4+ 10. Bd2 Qxd4 11. Bxb4 Qxb4+ 12. Qd2 Qxd2+ 13. Kxd2 Nxe5 14. fxe4 0-0 15. Nf3 Rd8+ 16. Ke3 Ng4+ 17. Kf4 Nf6 18. Bc4 b6 19. Rad1 Bb7 20. e5 Nd5+ 21. Kg3 Ne3 22. Rc1 Rac8 23. b3 h6 24. Rhe1 Nf5+ 25. Kg4 Bxf3+ 26. Kxf3 Rd2 27. Re2 Nd4+ 28. Ke3 Nxe2 29. Bxe2 Rxe2+ 30. Kxe2 Rxc1 31. Kd2 Ra1 32. a4 Ra2+ 33. Ke3 Rxg2 34. Kd4 Rc2 0-1

[Event "South Wales International"]
[White "Arkell, Keith C"]
[Black "Chatalbashev, Boris"]
[Site "Cardiff"]
[Round "9.1"]
[Annotator ""]
[Result "0-1"]
[Date "2017.07.13"]
[WhiteElo "2424"]
[BlackElo "2552"]
[PlyCount "64"]

1. d4 g6 2. c4 Bg7 3. Nc3 c5 4. d5 d6 5. e4 Nf6 6. Bd3 0-0 7. Nf3 e5 8. 0-0 Nh5 9. Re1 Nd7 10. a3 a6 11. b4 Qe7 12. Be3 b6 13. Rb1 f5 14. bxc5 bxc5 15. exf5 gxf5 16. Ng5 Ndf6 17. Na4 h6 18. Nb6 hxg5 19. Bxg5 Qb7 20. Nxa8 Qxa8 21. Rb6 Qa7 22. Rxd6 Qf7 23. Rc6 e4 24. Be2 f4 25. Bxh5 Nxh5 26. Rxe4 Qf5 27. Be7 Qxe4 28. Bxf8 Bg4 29. f3 Bd4+ 30. Kh1 Kxf8 31. h3 Bxf3 32. gxf3 Qe3 0-1

[Event "South Wales International"]
[White "Petrov, Marian"]
[Black "Rudd, Jack"]
[Site "Cardiff"]
[Round "9.2"]
[Annotator ""]
[Result "1-0"]
[Date "2017.07.13"]
[WhiteElo "2466"]
[BlackElo "2252"]
[PlyCount "45"]

1. e4 e5 2. Nc3 Nf6 3. g3 d5 4. exd5 Nxd5 5. Bg2 Be6 6. Nf3 Nc6 7. 0-0 Bd6 8. d4 Nxc3 9. bxc3 Bc4 10. Re1 0-0 11. Nd2 Ba6 12. Ne4 exd4 13. cxd4 Be7 14. c3 Qd7 15. Qh5 Rae8 16. Bf4 g6 17. Qf3 f5 18. Ng5 Bc4 19. d5 Nd8 20. Ne6 Nxe6 21. dxe6 Bxe6 22. Qxb7 Rb8 23. Qxa7 1-0

[Event "South Wales International"]
[White "Wells, Peter K"]
[Black "Van Kemenade, Rudy"]
[Site "Cardiff"]
[Round "9.3"]
[Annotator ""]
[Result "1-0"]
[Date "2017.07.13"]
[WhiteElo "2434"]
[BlackElo "1985"]
[PlyCount "99"]

1. d4 f5 2. Bg5 c6 3. e3 Qb6 4. Bd3 d5 5. Nd2 e6 6. Rb1 a5 7. c4 Nd7 8. Ne2 h6 9. Bh4 Ngf6 10. Nf4 g5 11. Nxe6 gxh4 12. c5 Nxc5 13. dxc5 Bxc5 14. Nxc5 Qxc5 15. Qf3 0-0 16. Qf4 Kg7 17. a3 Ne4 18. Nf3 Qe7 19. Nxh4 Qg5 20. g3 Qxf4 21. gxf4 Kh7 22. Rg1 Rf6 23. Ke2 Be6 24. Nf3 Rg6 25. Rxg6 Kxg6 26. Ne5+ Kf6 27. Bxe4 dxe4 28. Rg1 Rg8 29. Rg3 Rg7 30. Kd2 h5 31. Kc3 Bd5 32. Rxg7 Kxg7 33. Kd4 h4 34. Kc5 Kh6 35. Kb6 a4 36. Kxb7 Kh5 37. Kb6 Bb3 38. Kxc6 Be6 39. Kb5 Bb3 40. Kc5 Be6 41. Kd6 Bc8 42. Ke7 Ba6 43. Kf6 Bc8 44. h3 Ba6 45. Nf7 Bf1 46. Ng5 Bxh3 47. Nxh3 Kg4 48. Ng5 h3 49. Nxh3 Kxh3 50. Kxf5 1-0

[Event "South Wales International"]
[White "Jyothilal, N."]
[Black "Lauridsen, Jesper Morch"]
[Site "Cardiff"]
[Round "9.5"]
[Annotator ""]
[Result "1-0"]
[Date "2017.07.13"]
[WhiteElo "1982"]
[BlackElo "2247"]
[PlyCount "61"]

1. d4 d5 2. Nf3 Nf6 3. c4 e6 4. g3 c5 5. Bg2 Nc6 6. 0-0 Be7 7. cxd5 exd5 8. Nc3 0-0 9. dxc5 Bxc5 10. Na4 Bd6 11. b3 Bg4 12. Bb2 Re8 13. h3 Bf5 14. Rc1 Rc8 15. Nc5 Bxc5 16. Rxc5 Qe7 17. Qc1 Ne4 18. Rc2 Nxg3 19. fxg3 Bxc2 20. Qxc2 Qxe2 21. Qb1 Nb4 22. Nd4 Qe3+ 23. Kh2 Nd3 24. Rf3 Qe4 25. Rxd3 Qe1 26. Rd1 Qf2 27. Rf1 Qd2 28. Ba1 Re4 29. Kh1 Rxd4 30. Qf5 Rc7 31. Qe5 1-0

[Event "South Wales International"]
[White "Kett, Tim"]
[Black "Marusenko, Petr"]
[Site "Cardiff"]
[Round "9.6"]
[Annotator ""]
[Result "1/2-1/2"]
[Date "2017.07.13"]
[WhiteElo "2208"]
[BlackElo "2162"]
[PlyCount "52"]

1. Nf3 d5 2. g3 c6 3. Bg2 Nf6 4. 0-0 Bf5 5. d3 h6 6. Nbd2 e6 7. b3 Nbd7 8. Bb2 a5 9. a3 Bc5 10. e4 Bh7 11. e5 Ng8 12. Nh4 Ne7 13. Qg4 0-0 14. Rae1 b5 15. Kh1 Nf5 16. Nxf5 Bxf5 17. Qe2 Qe7 18. Ra1 Rae8 19. f4 f6 20. c4 bxc4 21. bxc4 fxe5 22. fxe5 Rb8 23. Ra2 Qg5 24. d4 Be7 25. Bc3 a4 26. Qd1 Ra8 1/2-1/2

[Event "South Wales International"]
[White "Pleasants, Allan J"]
[Black "Rysbayeva, Aigerim"]
[Site "Cardiff"]
[Round "9.8"]
[Annotator ""]
[Result "1-0"]
[Date "2017.07.13"]
[WhiteElo "2103"]
[BlackElo "2157"]
[PlyCount "65"]

1. Nf3 d5 2. g3 Nf6 3. Bg2 Bf5 4. 0-0 e6 5. c4 dxc4 6. Qa4+ c6 7. Qxc4 Nbd7 8. d3 Be7 9. Nbd2 0-0 10. h3 e5 11. b3 Be6 12. Qc2 Nd5 13. Bb2 f6 14. d4 Qe8 15. e4 Nb4 16. Qc3 Qh5 17. g4 Qe8 18. a3 Na6 19. Nc4 h5 20. Ne3 hxg4 21. hxg4 exd4 22. Nxd4 Bd6 23. f4 Nac5 24. Nef5 Bxf5 25. exf5 Qb8 26. b4 Na6 27. Ne6 Rf7 28. Rad1 Nf8 29. g5 Bxf4 30. g6 Bh2+ 31. Kh1 Rd7 32. Rxd7 Nxd7 33. Qh3 1-0

[Event "South Wales International"]
[White "Rodriguez, Juan Talavera"]
[Black "Whitehead, Mark A"]
[Site "Cardiff"]
[Round "9.9"]
[Annotator ""]
[Result "1-0"]
[Date "2017.07.13"]
[WhiteElo "1963"]
[BlackElo "1917"]
[PlyCount "135"]

1. Nf3 c5 2. c4 Nc6 3. b3 e5 4. Nc3 g6 5. Bb2 Bg7 6. d3 Nge7 7. g3 0-0 8. Bg2 d6 9. 0-0 f5 10. e3 h6 11. Qe2 g5 12. Nd5 Ng6 13. Nd2 Be6 14. f4 g4 15. a3 Qd7 16. b4 Rae8 17. b5 Nce7 18. a4 exf4 19. Bxg7 Kxg7 20. Nxf4 Nxf4 21. Rxf4 d5 22. Raf1 Ng6 23. R4f2 h5 24. cxd5 Bxd5 25. e4 fxe4 26. Nxe4 Bxe4 27. Qb2+ Qd4 28. Qxd4+ cxd4 29. Bxe4 Rxf2 30. Rxf2 b6 31. Rc2 Re7 32. Rc6 Nf8 33. Rd6 Ne6 34. Rd5 Nc5 35. Rxd4 Nxe4 36. Rxe4 Rc7 37. Kf2 Kf6 38. Ke3 Rc2 39. Rf4+ Ke6 40. Rf2 Rc1 41. Ra2 Ke5 42. Kd2 Rh1 43. Kc3 Rc1+ 44. Rc2 Ra1 45. d4+ Kd5 46. Re2 Rxa4 47. Re5+ Kd6 48. Rxh5 Ra2 49. Kc4 a6 50. Rh6+ Kc7 51. bxa6 Rxa6 52. Kd5 Ra5+ 53. Ke6 b5 54. Rh7+ Kc8 55. d5 Ra6+ 56. d6 b4 57. Rc7+ Kb8 58. Rc1 b3 59. Ke7 Ra4 60. d7 Re4+ 61. Kd6 Rd4+ 62. Kc6 Rd2 63. Rc3 b2 64. Rb3+ Ka7 65. d8=Q Rxd8 66. Kc7 Rd3 67. Rxd3 b1=N 68. Rb3 1-0

[Event "South Wales International"]
[White "Freeland, Alex"]
[Black "Chong, Kimberly"]
[Site "Cardiff"]
[Round "9.10"]
[Annotator ""]
[Result "1-0"]
[Date "2017.07.13"]
[WhiteElo "1931"]
[BlackElo "1356"]
[PlyCount "111"]

1. c4 e5 2. Nc3 Nf6 3. g3 Bc5 4. Bg2 Nc6 5. e3 d6 6. Nge2 a6 7. d4 exd4 8. exd4 Ba7 9. Be3 0-0 10. 0-0 Re8 11. a3 Ne7 12. Bg5 Nd7 13. Nf4 h6 14. Bxe7 Rxe7 15. Ncd5 Re8 16. Qd3 c6 17. Ne3 Nf6 18. d5 Bxe3 19. fxe3 Qb6 20. Qd4 Qxd4 21. exd4 cxd5 22. Nxd5 Nxd5 23. Bxd5 Re7 24. Rae1 Be6 25. Rf2 Rae8 26. Rfe2 Kf8 27. Bxe6 Rxe6 28. Rxe6 fxe6 29. Kf2 Kf7 30. b4 b6 31. Ke3 Rc8 32. Rc1 a5 33. c5 dxc5 34. dxc5 axb4 35. axb4 b5 36. Ra1 Rb8 37. Kd4 Rd8+ 38. Ke3 Ke7 39. Ra5 Rb8 40. Ke4 Kd7 41. Ra7+ Kc6 42. Ra6+ Kd7 43. Rd6+ Ke7 44. Ke5 Kf7 45. Rxe6 Ra8 46. Rb6 Ra2 47. Rxb5 Rxh2 48. c6 Rh5+ 49. Kd6 Rxb5 50. c7 Rxb4 51. c8=Q Rb6+ 52. Kd7 Kg6 53. Qc2+ Kf7 54. Qc4+ Kg6 55. Qe4+ Kf7 56. Qe8+ 1-0

[Event "South Wales International"]
[White "Thorpe, Thomas"]
[Black "Fathallah, Joe"]
[Site "Cardiff"]
[Round "9.11"]
[Annotator ""]
[Result "1/2-1/2"]
[Date "2017.07.13"]
[WhiteElo "1892"]
[BlackElo "1919"]
[PlyCount "43"]

1. f4 d5 2. Nf3 Nf6 3. e3 g6 4. b3 Bg7 5. Bb2 c5 6. Be2 Nc6 7. Ne5 Qc7 8. Nxc6 Qxc6 9. Bf3 0-0 10. 0-0 b6 11. d3 Bb7 12. Nd2 Qd7 13. Be5 Rfd8 14. Qe2 b5 15. Rad1 a5 16. e4 a4 17. c4 dxc4 18. dxc4 b4 19. Nb1 Qe8 20. Qe3 axb3 21. axb3 Rxd1 22. Rxd1 1/2-1/2

[Event "South Wales International"]
[White "Taylor, Robert Graham"]
[Black "Menadue, Jeremy F S"]
[Site "Cardiff"]
[Round "9.12"]
[Annotator ""]
[Result "0-1"]
[Date "2017.07.13"]
[WhiteElo "1944"]
[BlackElo "2046"]
[PlyCount "114"]

1. Nf3 Nf6 2. b3 d5 3. Bb2 Bf5 4. e3 Nbd7 5. Be2 h6 6. 0-0 e6 7. d4 Be7 8. c4 c6 9. Nc3 0-0 10. Bd3 Bxd3 11. Qxd3 Qc7 12. e4 dxe4 13. Nxe4 Qf4 14. Rfe1 Rfd8 15. Qe3 Qxe4 16. Qxe4 Nxe4 17. Rxe4 Bf6 18. Re2 a5 19. a4 g5 20. g4 Nf8 21. Ne5 Bxe5 22. Rxe5 Ng6 23. Re4 Rd7 24. Bc3 Nf4 25. Bd2 Rxd4 26. Rxd4 Ne2+ 27. Kg2 Nxd4 28. Be3 e5 29. Bxd4 exd4 30. f4 Re8 31. fxg5 hxg5 32. c5 Re5 33. Rd1 Re2+ 34. Kf3 Re3+ 35. Kf2 Rxb3 36. Rxd4 Rc3 37. Rd7 Rxc5 38. Rxb7 Rc4 39. Rb6 Rxg4 40. Rxc6 Rxa4 41. Rc5 f6 42. Rc7 Rf4+ 43. Kg2 a4 44. Ra7 Kf8 45. Kh3 Ke8 46. Kg3 Kd8 47. Rf7 Ke8 48. Ra7 Rh4 49. Kg2 Rb4 50. Kf2 Rb2+ 51. Kg3 Ra2 52. h4 gxh4+ 53. Kxh4 a3 54. Kh5 Ra1 55. Kg6 a2 56. Ra8+ Ke7 57. Ra7+ Ke6 0-1

[Event "South Wales International"]
[White "Waterfield, John W"]
[Black "Dixon, Chris"]
[Site "Cardiff"]
[Round "9.13"]
[Annotator ""]
[Result "1-0"]
[Date "2017.07.13"]
[WhiteElo "1967"]
[BlackElo "1806"]
[PlyCount "93"]

1. e4 e5 2. f4 Bc5 3. Nf3 d6 4. Nc3 Nf6 5. Bc4 Nc6 6. d3 Bg4 7. Na4 0-0 8. Nxc5 dxc5 9. Qd2 Qd6 10. 0-0 Bxf3 11. gxf3 exf4 12. Qxf4 Ne5 13. Be3 Nxc4 14. dxc4 Qe7 15. Qg5 Rfe8 16. Qxc5 Qxc5 17. Bxc5 b6 18. Be3 Re7 19. Rfd1 Nxe4 20. fxe4 Rxe4 21. Bd4 Rae8 22. Bc3 h5 23. Re1 Rg4+ 24. Kf2 Rd8 25. b3 Rd6 26. Rad1 Rf4+ 27. Ke3 Rxd1 28. Kxf4 Rxe1 29. Bxe1 f6 30. Bg3 Kf7 31. Ke4 c6 32. Bb8 a6 33. Ba7 b5 34. cxb5 cxb5 35. c4 bxc4 36. bxc4 Ke6 37. c5 g5 38. Bb6 f5+ 39. Kd4 Kd7 40. Ke5 f4 41. Kd5 f3 42. c6+ Kc8 43. Kd6 g4 44. Bf2 a5 45. c7 a4 46. Be1 a3 47. Bf2 1-0

[Event "South Wales International"]
[White "Wilson, Matthew R"]
[Black "Davis, Lee"]
[Site "Cardiff"]
[Round "9.14"]
[Annotator ""]
[Result "1-0"]
[Date "2017.07.13"]
[WhiteElo "1829"]
[BlackElo "1952"]
[PlyCount "71"]

1. e4 e5 2. Nf3 Nc6 3. Bc4 Nf6 4. d3 Be7 5. c3 d6 6. Bb3 0-0 7. h3 a5 8. Nbd2 Bd7 9. Nf1 h6 10. Ne3 Qc8 11. g4 Nd8 12. Nf5 Bxf5 13. gxf5 d5 14. Qe2 a4 15. Bc2 dxe4 16. dxe4 a3 17. Nxe5 Bd6 18. Ng4 Nxg4 19. Qxg4 axb2 20. Bxb2 Ba3 21. Rg1 g6 22. Bxa3 Rxa3 23. Qg3 g5 24. h4 f6 25. hxg5 fxg5 26. Bb3+ Nf7 27. Qh2 Re8 28. Bxf7+ Kxf7 29. Qh5+ Kf6 30. Qxh6+ Ke5 31. f3 Rg8 32. Rd1 Ra5 33. Rxg5 b6 34. f4+ Kxe4 35. Rd4+ Ke3 36. Qh3# 1-0

[Event "South Wales International"]
[White "Bevan, Peter M"]
[Black "Jeanes, Andrew"]
[Site "Cardiff"]
[Round "9.16"]
[Annotator ""]
[Result "1-0"]
[Date "2017.07.13"]
[WhiteElo "1933"]
[BlackElo "1622"]
[PlyCount "95"]

1. c4 c5 2. Nc3 d6 3. g3 Nc6 4. Nf3 e5 5. Bg2 Be7 6. a3 f5 7. d3 Nf6 8. 0-0 0-0 9. Ne1 Be6 10. Nc2 Qd7 11. Ne3 f4 12. Ned5 fxg3 13. hxg3 Bh3 14. Nxe7+ Nxe7 15. b4 Bxg2 16. Kxg2 b6 17. e4 Nc6 18. b5 Nd4 19. Be3 Rf7 20. Bxd4 cxd4 21. Nd5 Nxd5 22. exd5 Raf8 23. f3 Rf6 24. Qe2 Rh6 25. Rh1 Rxh1 26. Rxh1 Qf5 27. Qe4 h6 28. Qxf5 Rxf5 29. a4 Rf7 30. a5 Rb7 31. axb6 axb6 32. Ra1 Kf7 33. Ra8 Ke7 34. Kh3 Kf7 35. Kg4 g6 36. Rh8 Kf6 37. Re8 Ra7 38. Rb8 Ra3 39. Rxb6 Rxd3 40. Rxd6+ Ke7 41. Re6+ Kd7 42. c5 h5+ 43. Kh4 Rxf3 44. c6+ Kc7 45. d6+ Kd8 46. Rxe5 Rf8 47. b6 d3 48. b7 1-0

[Event "South Wales International"]
[White "Jaberansari, Daniel"]
[Black "Jukes, Sam"]
[Site "Cardiff"]
[Round "9.18"]
[Annotator ""]
[Result "0-1"]
[Date "2017.07.13"]
[WhiteElo "1387"]
[BlackElo "1730"]
[PlyCount "98"]

1. e4 e5 2. Nf3 Nc6 3. d4 exd4 4. Nxd4 Bc5 5. Nb3 Bb6 6. Nc3 Qf6 7. Qe2 Nge7 8. Be3 0-0 9. 0-0-0 d6 10. h3 Be6 11. g4 Bxb3 12. axb3 Nd4 13. Qd3 Nf3 14. Be2 Rfe8 15. Bxb6 Ne5 16. Qe3 axb6 17. f4 N5c6 18. h4 Ra1+ 19. Kd2 Qd4+ 20. Qxd4 Rxd1+ 21. Rxd1 Nxd4 22. Ke3 Nxc2+ 23. Kf3 Nc6 24. Nb5 Re7 25. Bd3 N2d4+ 26. Ke3 Nxb3 27. Bc2 Nc5 28. Ra1 g6 29. h5 Kg7 30. Kf3 Nb4 31. Bb1 Nb3 32. Ra4 Na6 33. Bc2 Nbc5 34. Ra1 Nb4 35. Bb1 Rd7 36. Ra7 c6 37. Nd4 Rc7 38. hxg6 hxg6 39. f5 Kf6 40. Ne2 gxf5 41. gxf5 d5 42. Ng3 dxe4+ 43. Nxe4+ Nxe4 44. Bxe4 Ke5 45. Ra8 Re7 46. Rd8 Nd5 47. Ra8 f6 48. Ra4 Rh7 49. Kg3 b5 0-1

[Event "South Wales International"]
[White "Sivarajasingam, Venetia"]
[Black "Williams, Ron"]
[Site "Cardiff"]
[Round "9.20"]
[Annotator ""]
[Result "1/2-1/2"]
[Date "2017.07.13"]
[WhiteElo "1710"]
[BlackElo "1704"]
[PlyCount "41"]

1. e4 d6 2. d4 Nf6 3. Nc3 Nbd7 4. Nf3 e5 5. dxe5 dxe5 6. a3 Be7 7. Bc4 c6 8. 0-0 Qc7 9. Bg5 h6 10. Bh4 Nf8 11. Bg3 Ng6 12. Qe2 Bg4 13. h3 Bh5 14. Bb3 Nf4 15. Bxf4 exf4 16. Rfe1 Bxf3 17. Qxf3 Qe5 18. Qe2 0-0 19. Rad1 Bd8 20. Rd3 Bc7 21. Ba2 1/2-1/2

[Event "South Wales International"]
[White "Cheung, Ryan"]
[Black "Hurn, Robert Aj"]
[Site "Cardiff"]
[Round "9.22"]
[Annotator ""]
[Result "0-1"]
[Date "2017.07.13"]
[WhiteElo "1318"]
[BlackElo "1594"]
[PlyCount "68"]

1. d4 Nf6 2. c4 e6 3. Nf3 d5 4. Nc3 c6 5. e3 Nbd7 6. Bd3 dxc4 7. Bxc4 b5 8. Bd3 a6 9. 0-0 c5 10. b3 Bb7 11. Bb2 Be7 12. Rc1 Rc8 13. Qe2 0-0 14. Rfd1 Qb6 15. Bb1 Rfe8 16. dxc5 Bxc5 17. a3 Red8 18. b4 Be7 19. Nd4 Ne5 20. Ba2 Neg4 21. Nf3 Ba8 22. h3 Nh6 23. e4 Kh8 24. e5 Nfg8 25. Ne4 Nf5 26. Rxc8 Rxc8 27. Rd7 Bc6 28. Rd2 Rd8 29. Bc1 Ngh6 30. Rxd8+ Qxd8 31. g4 Nd4 32. Nxd4 Qxd4 33. Bxh6 Bxe4 34. Bf4 Qa1+ 0-1

[Event "South Wales International"]
[White "Adams, Mark A"]
[Black "Orton, Paul"]
[Site "Cardiff"]
[Round "9.24"]
[Annotator ""]
[Result "1-0"]
[Date "2017.07.13"]
[WhiteElo "1927"]
[BlackElo "1615"]
[PlyCount "45"]

1. e4 c5 2. Nf3 g6 3. d4 cxd4 4. Nxd4 Nc6 5. Be3 Bg7 6. c4 Nf6 7. Nc3 0-0 8. f3 d6 9. Qd2 Bd7 10. Be2 Rc8 11. Nc2 b6 12. Rc1 Be6 13. b3 Qc7 14. 0-0 Rfd8 15. Nd5 Qb7 16. Rfd1 Ne5 17. Nd4 Nxd5 18. exd5 Bd7 19. h3 Be8 20. f4 Nd7 21. Nc6 Nf6 22. Nxd8 Rxd8 23. Bf3 1-0

[Event "South Wales International"]
[White "O`rourke, Kevin"]
[Black "Jaberansari, Benjamin"]
[Site "Cardiff"]
[Round "9.25"]
[Annotator ""]
[Result "1-0"]
[Date "2017.07.13"]
[WhiteElo "1296"]
[BlackElo "921"]
[PlyCount "47"]

1. e4 d5 2. e5 Nc6 3. d4 f6 4. Nf3 Bg4 5. Bb5 Qd7 6. h3 Bh5 7. Qe2 0-0-0 8. Bf4 a6 9. e6 Qe8 10. Bxa6 Nxd4 11. Qd3 Qa4 12. Bxb7+ Kxb7 13. Nxd4 Qb4+ 14. Nc3 c5 15. Qb5+ Qxb5 16. Ndxb5 f5 17. Bc7 Rc8 18. Nxd5 Kc6 19. Na7+ Kxd5 20. Nxc8 g5 21. 0-0 Nf6 22. Rfe1 Ne4 23. f3 Ng3 24. Bxg3 1-0

[Event "South Wales International"]
[White "Chatalbashev, Boris"]
[Black "Jyothilal, N."]
[Site "Cardiff"]
[Round "10.1"]
[Annotator ""]
[Result "1-0"]
[Date "2017.07.14"]
[WhiteElo "2552"]
[BlackElo "1982"]
[PlyCount "73"]

1. c4 Nf6 2. Nc3 d5 3. cxd5 Nxd5 4. g3 g6 5. Bg2 Nb6 6. d3 Bg7 7. Be3 0-0 8. Qd2 Re8 9. Bh6 Bh8 10. h4 N8d7 11. h5 Nf6 12. Nf3 Nbd5 13. hxg6 hxg6 14. Ne5 Nxc3 15. bxc3 Qd6 16. Bf4 Qa3 17. Rb1 Be6 18. c4 Rab8 19. Bxb7 Nd7 20. Rb3 Rxb7 21. Rxh8+ Kxh8 22. Rxb7 Rb8 23. Rxb8+ Nxb8 24. d4 Kg8 25. f3 Na6 26. d5 Bc8 27. Nc6 Bd7 28. Ne5 Bc8 29. Nd3 f6 30. Be3 Bf5 31. g4 Bxd3 32. Qxd3 Qxd3 33. exd3 Nb4 34. Kd2 a5 35. a3 Na6 36. Kc3 Kf7 37. Kb3 1-0

[Event "South Wales International"]
[White "Ledger, Dave J"]
[Black "Petrov, Marian"]
[Site "Cardiff"]
[Round "10.2"]
[Annotator ""]
[Result "1-0"]
[Date "2017.07.14"]
[WhiteElo "2218"]
[BlackElo "2466"]
[PlyCount "89"]

1. e4 g6 2. d4 Bg7 3. Nc3 d6 4. f4 Nf6 5. Nf3 0-0 6. Bd3 Nc6 7. e5 dxe5 8. dxe5 Nd5 9. Be4 Nxc3 10. Qxd8 Rxd8 11. bxc3 Bf5 12. Bxf5 gxf5 13. Rb1 b6 14. Be3 Na5 15. Nd4 e6 16. Ke2 a6 17. Rhg1 c5 18. Nf3 Nc4 19. g4 fxg4 20. Rxg4 Kh8 21. Rbg1 Rg8 22. Ng5 Ra7 23. Bf2 h6 24. Ne4 Raa8 25. Bh4 Kh7 26. Bf6 Bh8 27. Rxg8 Rxg8 28. Rxg8 Kxg8 29. Bxh8 Kxh8 30. Nd6 Na5 31. Nxf7+ Kg7 32. Nd8 Kg6 33. Kf3 Kf5 34. Nf7 Kg6 35. Nd6 Nc6 36. Ke4 Ne7 37. c4 h5 38. c3 h4 39. h3 Nc6 40. f5+ exf5+ 41. Nxf5 Kg5 42. Ne3 Nd8 43. Kd5 Kf4 44. Ng2+ Kg3 45. Nxh4 1-0

[Event "South Wales International"]
[White "Van Kemenade, Rudy"]
[Black "Marusenko, Petr"]
[Site "Cardiff"]
[Round "10.7"]
[Annotator ""]
[Result "0-1"]
[Date "2017.07.14"]
[WhiteElo "1985"]
[BlackElo "2162"]
[PlyCount "80"]

1. e4 e6 2. d3 d5 3. Qe2 Be7 4. Nf3 c5 5. g3 Nc6 6. Bg2 Nf6 7. e5 Nd7 8. 0-0 b6 9. c4 dxc4 10. dxc4 Bb7 11. Rd1 Qc7 12. Bf4 0-0 13. Nc3 Rad8 14. Nd5 Qc8 15. Nxe7+ Nxe7 16. Ng5 Bxg2 17. Kxg2 Qc6+ 18. Kg1 Nf5 19. Qf3 Nb8 20. Rxd8 Rxd8 21. Qh5 Nh6 22. Rd1 Rxd1+ 23. Qxd1 Nd7 24. Qd3 Nf5 25. g4 h6 26. gxf5 hxg5 27. fxe6 Qxe6 28. Bxg5 Qg4+ 29. Qg3 Qxg3+ 30. hxg3 Nxe5 31. Bf4 Nxc4 32. Bb8 Nxb2 33. Bxa7 Na4 34. Kf1 Kf8 35. Ke2 Ke7 36. Kd3 Kd6 37. Bb8+ Kd5 38. Bc7 b5 39. a3 Nb2+ 40. Kc3 Nd1+ 0-1

[Event "South Wales International"]
[White "Lauridsen, Jesper Morch"]
[Black "Thorpe, Thomas"]
[Site "Cardiff"]
[Round "10.9"]
[Annotator ""]
[Result "1/2-1/2"]
[Date "2017.07.14"]
[WhiteElo "2247"]
[BlackElo "1892"]
[PlyCount "59"]

1. e4 c5 2. Nf3 Nc6 3. d4 cxd4 4. Nxd4 g6 5. c4 Bg7 6. Be3 Nf6 7. Nc3 d6 8. Be2 0-0 9. 0-0 Nxd4 10. Bxd4 Bd7 11. f3 Bc6 12. b4 Nh5 13. Bxg7 Nxg7 14. b5 Bd7 15. f4 Rc8 16. Kh1 Be6 17. Nd5 Bxd5 18. exd5 Nf5 19. Qd3 Qb6 20. Bg4 e6 21. dxe6 fxe6 22. Rad1 Qc5 23. Bxf5 exf5 24. Rfe1 Qxc4 25. Qxd6 Rfe8 26. Qd7 Qf7 27. Qxf7+ Kxf7 28. Rd7+ Kf8 29. Red1 Re7 30. Rd8+ 1/2-1/2